00654 2200253 4500001002100000005001700021008004100038020001800079035002400097082000800121090001500129100001700144245005200161250001800213260003000231300002300261500003100284650001900315850001500334980001500349985000600364999001500370999001500385YOGYA-0209000001211520090227022209.0 ind  a979-499-050-7 0010-020900000012115 a543 a543bAwa M aAWAT, Napa J aMetode peramalan kuantitatifcoleh Napa J. Awat aEd. 1, cet. 1 aYogyakartabLibertyc1990 avi, 165 hlmc21 cm aBibliografi : hlm. 156-157 aKimia analitis aYOPDYOG(B) a12-12-2005 a2 a94P0054993 a97P0089655